AH International Schools' Libraries

(Khmer) things children need to know about Cambodia / (Record no. 50050)

MARC details
000 -LEADER
fixed length control field 00303nam a2200109 4500
020 ## - INTERNATIONAL STANDARD BOOK NUMBER
International Standard Book Number 9789924579397
245 ## - TITLE STATEMENT
Title (Khmer) things children need to know about Cambodia /
Statement of responsibility, etc Chhen Phetra.
250 ## - EDITION STATEMENT
Edition statement 2nd ed.
260 ## - PUBLICATION, DISTRIBUTION, ETC. (IMPRINT)
Place of publication, distribution, etc Cambodia:
Name of publisher, distributor, etc Heart Kids;
Date of publication, distribution, etc 2025.
300 ## - PHYSICAL DESCRIPTION
Extent 183 p.
Dimensions 20 cm
942 ## - ADDED ENTRY ELEMENTS (KOHA)
Source of classification or shelving scheme
Koha item type Khmer NON FIC Books
Holdings
Withdrawn status Lost status Source of classification or shelving scheme Damaged status Not for loan Collection code Home library Current library Date acquired Total Checkouts Full call number Barcode Date last seen Price effective from Koha item type
          Siem Riep Asian Hope Secondary Library Asian Hope Secondary Library 01/13/2026   KHMER 959.6 CHH 210169 01/13/2026 01/13/2026 Khmer NON FIC Books

For any Logos Library related questions please contact Miss Art at swongnarasuk@asianhope.org.

For any Asian Hope Library related questions please contact Miss Raza at graza@asianhope.org.

Click here to explore our ebooks!

Powered by Koha